Представление документа в формате MARC21

Поле Инд. ПП Название Значение
Тип записи a
Библиографический уровень b
001 Контрольный номер RU/IS/BASE/148579356
005 Дата корректировки 20200630193253.8
084 a Индекс другой классификации/Индекс ББК 66.4; 66.09
097 00 a 730
100 10 a Автор Левашова А. В.
245 00 a Заглавие Глобализация мира: миф или реальность?
504 00 a Библиография Библиогр. ссылки
650 a Основная рубрика международные отношения
a Основная рубрика политика
a Основная рубрика политология
653 00 a Ключевые слова американизация общества
a Ключевые слова глобализация
a Ключевые слова глобализация общества
a Ключевые слова глобализация экономики
a Ключевые слова глобальное развитие
a Ключевые слова глобальные проблемы
a Ключевые слова культурная глобализация
a Ключевые слова локализация
a Ключевые слова мировая политика
a Ключевые слова мировая система
a Ключевые слова политическая глобалистика
773 00 t Заглавие источника Вестник Московского университета. Серия 18, Социология и политология
d Дата издания источника 2001
g Прочая информация № 1. - С. 15 - 28
w Контрольный № источника RU/IS/BASE/148578682
901 t Тип документа b